000 01107cam a2200325 a 4500
999 _c233308
_d233308
001 14063981
003 Nust
005 20170306160936.0
008 050804s2004 enk 000 1 eng d
010 _a 2005415917
015 _aGBA3-T8407
020 _a9780755325658
035 _a(OCoLC)ocm53393222
040 _aUKM
_cUKM
_dOUN
_dGZM
_dOCLCQ
_dDLC
042 _alccopycat
043 _ae-uk-en
050 0 0 _aPR6112.E889
_bS63 2004
082 0 4 _a823.914
_bLEV
100 1 _aLevy, Andrea,
_d1956-
245 1 0 _aSmall island /
_cAndrea Levy.
260 _aLondon :
_bReview,
_c2004.
300 _a533 p. ;
_c21 cm.
650 0 _aJamaicans
_zEngland
_zLondon
_vFiction.
650 0 _aImmigrants
_zEngland
_zLondon
_vFiction.
650 0 _aRacism
_vFiction.
651 0 _aLondon (England)
_xSocial conditions
_vFiction.
906 _a7
_bcbc
_ccopycat
_d2
_encip
_f20
_gy-gencatlg
942 _2ddc
_cBK